000
00229nam a22000857a 4500
999
_c
11438
_d
11438
008
190524b ||||| |||| 00| 0 eng d
020
_a
9789386365170
100
_9
7168
_a
KUMAR MANIJ
245
_a
GREAT NATIONALIST OF INDIA VEER SAVARKAR